Top 30 : Shay - Statistiques

Statistiques générales
  • Ce quiz a été pris 34 fois
  • Le résultat moyen est 15 sur 30
Statistiques - réponses
Top Titres Featuring % Correct
2 Liquide Niska
93%
1 Sans Coeur Niska
83%
5 PMW
79%
11 Jolie
76%
9 A l'envers Gazo
72%
4 Jolie Go
72%
3 Notif
72%
6 Pim pom Jul
72%
10 Kobe Fresh
69%
16 DA
66%
7 Thibaut Courtois
66%
20 Paradis SCH
62%
8 Ich Liebe Dich
59%
17 Commando
55%
12 Même pas bonne
55%
15 Oh oui
45%
23 Santa Fe (Bad Gyal)
45%
19 Cocorico - Bonus
41%
18 La go
41%
24 Villa
38%
25 BXL
34%
14 Cabeza
34%
22 Désillusions
31%
28 Pleurer
31%
29 T mimi
31%
21 Biche
28%
13 Coeur Wanted
28%
27 Shooter
24%
30 Prends ton time
21%
26 Amour & désastres
14%
Aucun quiz correspondant
Distribution des résultats
% des personnes avec chaque résultat
Percentile par nombre de réponses
Votre historique - résultats
Vous n’avez pas pris ce quiz